| 000 | 00886nam a22002295i 4500 | ||
|---|---|---|---|
| 001 | 157271 | ||
| 003 | ES-MaACL | ||
| 005 | 20250809063527.0 | ||
| 008 | 040819s1871 sp |||| | spa d | ||
| 080 | _a930.85(5) | ||
| 080 | _a930.85(5-15) | ||
| 100 | 1 |
_aLaurent, François, _d1810-1887 _9128741 |
|
| 245 | 1 | 3 |
_aEl Oriente / _cpor F. Laurent ; traducción de la segunda ed. francesa por L.A.F. |
| 260 |
_aCórdoba : _b[s.n.], _c1871 ( _fImp. de Miguel José Ruiz) |
||
| 300 |
_a64 p. ; _c20 cm. |
||
| 490 | 1 |
_aEstudios sobre la historia de la humanidad ; _v1 |
|
| 650 | 4 |
_aCivilización oriental. _9142522 |
|
| 651 | 4 |
_aOriente Medio- _xCivilización. _9170045 |
|
| 830 | 1 |
_aEstudios sobre la historia de la humanidad ; _v1 _9221768 |
|
| 852 | 4 |
_aES-MaACL _jT-123-F-17 _z- Enc. hol., falto de cub. original _z- Enc. en un vol. facticio |
|
| 999 |
_c157271 _d157271 |
||